000 00640nam a2200229Ia 4500
003 OSt
005 20221007074854.0
006 a|||||r|||| 00| 0
007 ta
008 221006b |||||||| |||| 00| 0 eng d
024 _a16,792
037 _cTextual
040 _aFLL
_cFLL
_beng
041 _2eng
_aeng
082 _aY1:45:61:Z2, K3
100 _aPrem Daulat Ram Au.
_9681328
245 0 _aPolice investigation and criminal prosecutions
260 _aNew Delhi
_bArora Law House India
_c1963
300 _a520p
_ccm.
942 _hY1:45:61:Z2, K3
_cTEXL
_2CC
999 _c1153981
_d1153981